Sports Quiz

Random Sports Quiz
Score 0/235 Timer 10:00
0 Plays Today
Hint Answer % Correct
2011Kazuki Nakajima
100%
2012Kazuki Nakajima
100%
2013Kazuki Nakajima
100%
2014Kazuki Nakajima
100%
2015Kazuki Nakajima
100%
2015Daisuke Nakajima
100%
2016Kazuki Nakajima
100%
2017Kazuki Nakajima
100%
2018Kazuki Nakajima
100%
2005Sakon Yamamoto
94.7%
2010Naoki Yamamoto
94.7%
2013Naoki Yamamoto
94.7%
2014Naoki Yamamoto
94.7%
2015Naoki Yamamoto
94.7%
2016Naoki Yamamoto
94.7%
2017Naoki Yamamoto
94.7%
2018Naoki Yamamoto
94.7%
2003Andre Lotterer
89.5%
2004Andre Lotterer
89.5%
2005Andre Lotterer
89.5%
2006Andre Lotterer
89.5%
2007Andre Lotterer
89.5%
2008Andre Lotterer
89.5%
2009Andre Lotterer
89.5%
2010Andre Lotterer
89.5%
2011Andre Lotterer
89.5%
2012Andre Lotterer
89.5%
2013Andre Lotterer
89.5%
2014Andre Lotterer
89.5%
2015Andre Lotterer
89.5%
2016Andre Lotterer
89.5%
2016Stoffel Vandoorne
89.5%
2017Andre Lotterer
89.5%
2015Kamui Kobayashi
84.2%
2017Pierre Gasly
84.2%
2017Kamui Kobayashi
84.2%
2018Kamui Kobayashi
84.2%
2003Yuji Ide
78.9%
2004Yuji Ide
78.9%
2005Yuji Ide
78.9%
1996Ralf Schumacher
73.7%
2006Loic Duval
73.7%
2007Loic Duval
73.7%
2008Loic Duval
73.7%
2009Loic Duval
73.7%
2010Loic Duval
73.7%
2012Loic Duval
73.7%
2013Loic Duval
73.7%
2014Loic Duval
73.7%
2017Nick Cassidy
73.7%
2018Nick Cassidy
73.7%
1996Toranosuke Takagi
68.4%
1996Satoshi Motoyama
68.4%
1997Toranosuke Takagi
68.4%
1998Satoshi Motoyama
68.4%
1999Satoshi Motoyama
68.4%
2000Toranosuke Takagi
68.4%
2000Satoshi Motoyama
68.4%
2001Satoshi Motoyama
68.4%
2002Satoshi Motoyama
68.4%
2003Satoshi Motoyama
68.4%
2004Satoshi Motoyama
68.4%
2005Satoshi Motoyama
68.4%
2006Satoshi Motoyama
68.4%
2007Satoshi Motoyama
68.4%
1996Pedro de la Rosa
63.2%
1997Pedro de la Rosa
63.2%
1997Ralph Firman
63.2%
1998Ralph Firman
63.2%
1999Ralph Firman
63.2%
2000Ralph Firman
63.2%
2001Ralph Firman
63.2%
2002Ralph Firman
63.2%
2003Benoit Treluyer
63.2%
2004Benoit Treluyer
63.2%
2005Benoit Treluyer
63.2%
2006Benoit Treluyer
63.2%
2007Benoit Treluyer
63.2%
2007Jose Paolo de Oliveira
63.2%
Hint Answer % Correct
2008Joao Paolo De Oliveira
63.2%
2008Benoit Treluyer
63.2%
2009Benoit Treluyer
63.2%
2010Joao Paolo de Oliveira
63.2%
2011Joao Paulo de Oliveira
63.2%
2011Yuji Kunimoto
63.2%
2012Joao Paolo de Oliveira
63.2%
2013Joao Paolo de Oliveira
63.2%
2013Yuji Kunimoto
63.2%
2014Joao Paulo de Oliveira
63.2%
2014Yuji Kunimoto
63.2%
2015Joao Paolo de Oliveira
63.2%
2015Yuji Kunimoto
63.2%
2016Yuji Kunimoto
63.2%
2016Joao Paulo de Oliveira
63.2%
2017Felix Rosenqvist
63.2%
2017Yuji Kunimoto
63.2%
2018Yuji Kunimoto
63.2%
1996Shinji Nakano
57.9%
2000Tsugio Matsuda
57.9%
2001Tsugio Matsuda
57.9%
2002Tsugio Matsuda
57.9%
2005Tsugio Matsuda
57.9%
2006Tsugio Matsuda
57.9%
2007Tsugio Matsuda
57.9%
2008Tsugio Matsuda
57.9%
2009Hiroaki Ishiura
57.9%
2010Hiroaki Ishiura
57.9%
2011Hiroaki Ishiura
57.9%
2012Tsugio Matsuda
57.9%
2013Tsugio Matsuda
57.9%
2014Hiroaki Ishiura
57.9%
2015Hiroaki Ishiura
57.9%
2016Hiroaki Ishiura
57.9%
2017Hiroaki Ishiura
57.9%
2018Hiroaki Ishiura
57.9%
1996Norberto Fontana
52.6%
1997Norberto Fontana
52.6%
1998Norberto Fontana
52.6%
1999Tom Coronel
52.6%
1999Michael Krumm
52.6%
2000Michael Krumm
52.6%
2001Michael Krumm
52.6%
2002Richard Lyons
52.6%
2003Richard Lyons
52.6%
2004Richard Lyons
52.6%
2005Richard Lyons
52.6%
2005Ronnie Quintarelli
52.6%
2006Ronnie Quintarelli
52.6%
2007Ronnie Quintarelli
52.6%
2007Michael Krumm
52.6%
2008Ronnie Quintarelli
52.6%
2009Richard Lyons
52.6%
1996Kazuyoshi Hoshino
47.4%
2003Takashi Kogure
47.4%
2004Takashi Kogure
47.4%
2005Takashi Kogure
47.4%
2007Takashi Kogure
47.4%
2008Takashi Kogure
47.4%
2009Takashi Kogure
47.4%
2010Takashi Kogure
47.4%
2011Takashi Kogure
47.4%
2012Takashi Kogure
47.4%
2013Takashi Kogure
47.4%
2016Yuhi Sekiguchi
47.4%
2017Yuhi Sekiguchi
47.4%
2018Yuhi Sekiguchi
47.4%
2006Bjorn Wirdheim
42.1%
2007Bjorn Wirdheim
42.1%
2008Kohei Hirate
42.1%
2009Kohei Hirate
42.1%
2010Kohei Hirate
42.1%
2011Kohei Hirate
42.1%
2012Kohei Hirate
42.1%
2013Kohei Hirate
42.1%
2014James Rossiter
42.1%
2016James Rossiter
42.1%
1996Naoki Hattori
36.8%
1996Katsutomo Kaneishi
36.8%
Hint Answer % Correct
1997Masami Kageyama
36.8%
1997Masahiko Kageyama
36.8%
1997Katsutomo Kaneishi
36.8%
1998Masami Kageyama
36.8%
1998Masahiko Kageyama
36.8%
1998Katsutomo Kaneishi
36.8%
1998Hideki Noda
36.8%
1999Masami Kageyama
36.8%
2000Hideki Noda
36.8%
2000Katsutomo Kaneishi
36.8%
2000Naoki Hattori
36.8%
2001Naoki Hattori
36.8%
2001Masami Kageyama
36.8%
2002Toshihiro Kaneishi
36.8%
2002Naoki Hattori
36.8%
2003Toshihiro Kaneishi
36.8%
2004Naoki Hattori
36.8%
2006Toshihiro Kaneishi
36.8%
2008Takuya Izawa
36.8%
2009Takuya Izawa
36.8%
2009Kazuya Oshima
36.8%
2010Kazuya Oshima
36.8%
2011Kazuya Oshima
36.8%
2011Takuya Izawa
36.8%
2012Takuya Izawa
36.8%
2012Kazuya Oshima
36.8%
2013Takuya Izawa
36.8%
2014Ryo Hirakawa
36.8%
2015Ryo Hirakawa
36.8%
2018Ryo Hirakawa
36.8%
2018Kenta Yamashita
36.8%
1998Juichi Wakisaka
31.6%
1998Ryo Michigami
31.6%
1999Ryo Michigami
31.6%
1999Juichi Wakisaka
31.6%
2000Juichi Wakisaka
31.6%
2001Juichi Wakisaka
31.6%
2001Ryo Michigami
31.6%
2002Juichi Wakisaka
31.6%
2002Ryo Michigami
31.6%
2003Juichi Wakisaka
31.6%
2003Ryo Michigami
31.6%
2004Juichi Wakisaka
31.6%
2004Ryo Michigami
31.6%
2009Koudai Tsukakoshi
31.6%
2010Koudai Tsukakoshi
31.6%
2011Koudai Tsukakoshi
31.6%
1996Takuya Kurosawa
26.3%
1997Takuya Kurosawa
26.3%
1999Hidetoshi Mitsusada
26.3%
1999Takuya Kurosawa
26.3%
2000Yuji Tachikawa
26.3%
2001Yuji Tachikawa
26.3%
2002Hidetoshi Mitsusada
26.3%
2006Yuji Tachikawa
26.3%
2008Yuji Tachikawa
26.3%
2014Tomoki Nojiri
26.3%
2015Tomoki Nojiri
26.3%
2016Tomoki Nojiri
26.3%
2018Tomoki Nojiri
26.3%
1997Akira Iida
21.1%
1998Marc Goossens
21.1%
2010Kei Cozzolino
15.8%
1999Peter Dumbreck
10.5%
2001Takeshi Tsuchiya
10.5%
2002Takeshi Tsuchiya
10.5%
2003Takeshi Tsuchiya
10.5%
2005Takeshi Tsuchiya
10.5%
1997Hidetoshi Mitsutada
5.3%
2004Tatsuya Kataoka
5.3%
2006Tatsuya Kataoka
5.3%
2012Koudai Tsakakoshi
0%
0%
0%
0%
0%
0%
Remove Ads.
Support Sporcle.
Get the best of Sporcle when you Go Orange. This ad-free experience offers more features, more stats, and more fun while also helping to support Sporcle. Thank you for becoming a member.

You're not logged in!

Compare scores with friends on all Sporcle quizzes.
OR
Log In

Show Comments

Extras

Created Dec 15, 2018ReportNominate
Tags:formula, nippon

Top Quizzes Today


Score Distribution

Your Account Isn't Verified!

In order to create a playlist on Sporcle, you need to verify the email address you used during registration. Go to your Sporcle Settings to finish the process.

Report this User

Report this user for behavior that violates our Community Guidelines.

Details: